Prochain pays dans l'ordre alphabétique - Aléatoire - Statistiques

Statistiques générales
  • Ce quiz a été pris 18 fois
  • Le résultat moyen est 7 sur 20
Statistiques - réponses
Pays Suivant % Correct
Allemagne Andorre
100%
Argentine Arménie
100%
Arménie Australie
100%
Bénin Bhoutan
100%
Bolivie Bosnie-Herzégovine
100%
Brésil Brunei
100%
Burkina Faso Burundi
100%
Chili Chine
100%
Croatie Cuba
100%
Cuba Danemark
100%
Émirats Arabes Unis Équateur
100%
Équateur Érythrée
100%
Fidji Finlande
100%
Finlande France
100%
Ghana Grèce
100%
Guatemala Guinée
100%
Guinée Équatoriale Guinée-Bissau
100%
Guinée Guinée Équatoriale
100%
Haïti Honduras
100%
Hongrie Îles Marshall
100%
Irak Iran
100%
Islande Israël
100%
Liban Liberia
100%
Monaco Mongolie
100%
Mongolie Monténégro
100%
Niger Nigeria
100%
Pays-Bas Pérou
100%
Saint-Christophe- et-Niévès Saint-Marin
100%
Saint-Marin Saint-Vincent-et-les-Grenadines
100%
Soudan Soudan du Sud
100%
Tadjikistan Taïwan
100%
Tchad Tchéquie
100%
Ukraine Uruguay
100%
Viêt Nam Yémen
100%
Costa Rica Côte d'Ivoire
67%
Danemark Djibouti
67%
Yémen Zambie
67%
Antigua-et-Barbuda Arabie Saoudite
50%
Australie Autriche
50%
Bahamas Bahreïn
50%
Barbade Belgique
50%
Belgique Belize
50%
Éthiopie Fidji
50%
Indonésie Irak
50%
Jamaïque Japon
50%
Qatar République Centrafricaine
50%
Slovaquie Slovénie
50%
Somalie Soudan
50%
Suriname Syrie
50%
Syrie Tadjikistan
50%
Uruguay Vanuatu
50%
Vanuatu Vatican
50%
Îles Marshall Îles Salomon
33%
Malawi Maldives
33%
Ouzbékistan Pakistan
33%
Philippines Pologne
33%
Thaïlande Timor Oriental
33%
Koweït Laos
25%
Nouvelle-Zélande Oman
20%
Zimbabwe Afghanistan
0%
Afghanistan Afrique du Sud
0%
Afrique du Sud Albanie
0%
Albanie Algérie
0%
Algérie Allemagne
0%
Andorre Angola
0%
Angola Antigua-et-Barbuda
0%
Arabie Saoudite Argentine
0%
Autriche Azerbaïdjan
0%
Azerbaïdjan Bahamas
0%
Bahreïn Bangladesh
0%
Bangladesh Barbade
0%
Belize Bénin
0%
Bhoutan Biélorussie
0%
Biélorussie Bolivie
0%
Bosnie-Herzégovine Botswana
0%
Botswana Brésil
0%
Brunei Bulgarie
0%
Bulgarie Burkina Faso
0%
Burundi Cambodge
0%
Cambodge Cameroun
0%
Cameroun Canada
0%
Canada Cap-Vert
0%
Cap-Vert Chili
0%
Chine Chypre
0%
Chypre Colombie
0%
Colombie Comores
0%
Comores Corée du Nord
0%
Corée du Nord Corée du Sud
0%
Corée du Sud Costa Rica
0%
Côte d'Ivoire Croatie
0%
Djibouti Dominique
0%
Dominique Égypte
0%
Égypte Émirats Arabes Unis
0%
Érythrée Espagne
0%
Espagne Estonie
0%
Estonie Eswatini
0%
Eswatini États Fédérés de Micronésie
0%
États Fédérés de Micronésie États-Unis
0%
États-Unis Éthiopie
0%
France Gabon
0%
Gabon Gambie
0%
Gambie Géorgie
0%
Géorgie Ghana
0%
Grèce Grenade
0%
Grenade Guatemala
0%
Guinée-Bissau Guyana
0%
Guyana Haïti
0%
Honduras Hongrie
0%
Îles Salomon Inde
0%
Inde Indonésie
0%
Iran Irlande
0%
Irlande Islande
0%
Israël Italie
0%
Italie Jamaïque
0%
Japon Jordanie
0%
Jordanie Kazakhstan
0%
Kazakhstan Kenya
0%
Kenya Kirghizistan
0%
Kirghizistan Kiribati
0%
Kiribati Kosovo
0%
Kosovo Koweït
0%
Laos Lesotho
0%
Lesotho Lettonie
0%
Lettonie Liban
0%
Liberia Libye
0%
Libye Liechtenstein
0%
Liechtenstein Lituanie
0%
Lituanie Luxembourg
0%
Luxembourg Macédoine du Nord
0%
Macédoine du Nord Madagascar
0%
Madagascar Malaisie
0%
Malaisie Malawi
0%
Maldives Mali
0%
Mali Malte
0%
Malte Maroc
0%
Maroc Maurice
0%
Maurice Mauritanie
0%
Mauritanie Mexique
0%
Mexique Moldavie
0%
Moldavie Monaco
0%
Monténégro Mozambique
0%
Mozambique Myanmar
0%
Myanmar Namibie
0%
Namibie Nauru
0%
Nauru Népal
0%
Népal Nicaragua
0%
Nicaragua Niger
0%
Nigeria Norvège
0%
Norvège Nouvelle-Zélande
0%
Oman Ouganda
0%
Ouganda Ouzbékistan
0%
Pakistan Palaos
0%
Palaos Panama
0%
Panama Papouasie-Nouvelle- Guinée
0%
Papouasie-Nouvelle- Guinée Paraguay
0%
Paraguay Pays-Bas
0%
Pérou Philippines
0%
Pologne Portugal
0%
Portugal Qatar
0%
République Centrafricaine République Démocratique du Congo
0%
République Démocratique du Congo République Dominicaine
0%
République Dominicaine République du Congo
0%
République du Congo Roumanie
0%
Roumanie Royaume-Uni
0%
Royaume-Uni Russie
0%
Russie Rwanda
0%
Rwanda Saint-Christophe- et-Niévès
0%
Saint-Vincent-et-les- Grenadines Sainte-Lucie
0%
Sainte-Lucie Salvador
0%
Salvador Samoa
0%
Samoa Sao Tomé-et-Principe
0%
Sao Tomé-et-Principe Sénégal
0%
Sénégal Serbie
0%
Serbie Seychelles
0%
Seychelles Sierra Leone
0%
Sierra Leone Singapour
0%
Singapour Slovaquie
0%
Slovénie Somalie
0%
Soudan du Sud Sri Lanka
0%
Sri Lanka Suède
0%
Suède Suisse
0%
Suisse Suriname
0%
Taïwan Tanzanie
0%
Tanzanie Tchad
0%
Tchéquie Thaïlande
0%
Timor Oriental Togo
0%
Togo Tonga
0%
Tonga Trinité-et-Tobago
0%
Trinité-et-Tobago Tunisie
0%
Tunisie Turkménistan
0%
Turkménistan Turquie
0%
Turquie Tuvalu
0%
Tuvalu Ukraine
0%
Vatican Venezuela
0%
Venezuela Viêt Nam
0%
Zambie Zimbabwe
0%
Aucun quiz correspondant
Distribution des résultats
% des personnes avec chaque résultat
Percentile par nombre de réponses
Votre historique - résultats
Vous n’avez pas pris ce quiz